Score 0/25 Timer 04:00
2 Plays Today
♪ All Together Now ♪ The Word % Correct
John F. _______Kennedy
95.8%
Yoko ___Ono
95.1%
The __ Sullivan ShowEd
93.6%
Abbey ____Road
93.5%
The ___ FourFab
91.9%
___________Beatlemania
90.3%
Magical Mystery ____Tour
89.1%
'We're more popular than _____ 'Jesus
87.8%
_________, EnglandLiverpool
86.9%
___-topMop
80.8%
British ________Invasion
80.4%
____ BestPete
78.2%
_____ RecordsApple
75.8%
♪ All Together Now ♪ The Word % Correct
Bob _____Dylan
72.3%
______ MartinGeorge
71.5%
_________ WoodNorwegian
69.1%
_______, GermanyHamburg
68.8%
______ ArtistsUnited
63.3%
____ StadiumShea
61.8%
New _______Zealand
53.2%
'The ______ was Paul'Walrus
47.6%
___-Jay RecordsVee
43%
The ______ ClubCavern
42.4%
The ________Quarrymen
40.7%
Maharishi Mahesh ____Yogi
39.6%

Today's Daily Dose

Remove Ads.
Support Sporcle.
Get the best of Sporcle when you Go Orange. This ad-free experience offers more features, more stats, and more fun while also helping to support Sporcle. Thank you for becoming a member.

You're not logged in!

Compare scores with friends on all Sporcle quizzes.
OR
Log In

Show Comments

Extras

Top Quizzes Today


Score Distribution

Your Account Isn't Verified!

In order to create a playlist on Sporcle, you need to verify the email address you used during registration. Go to your Sporcle Settings to finish the process.

Report this User

Report this user for behavior that violates our Community Guidelines.

Details: